Jiné lidi jinde nenajdeme motivace po japonsku

Rozdiel medzi motiváciou v českých a japonských podnikoch. Príklad motivácie v Matsushite. Sedem princípov filozofie podnikania v Matsushita Group. Riešenie problému nedostatočnej motivácie.

Enregistré dans:
Détails bibliographiques
Auteur principal: Kazdová, Alena
Format: Livre
Langue:tchèque
Sujets:
Tags: Ajouter un tag
Pas de tags, Soyez le premier à ajouter un tag!

MARC

LEADER 00000nam a2200000 4500
001 r031875
005 20230920094948.7
041 0 |a cze 
044 |a CZ 
245 1 0 |a Jiné lidi jinde nenajdeme  |b motivace po japonsku  |c Alena Kazdová 
520 |a Rozdiel medzi motiváciou v českých a japonských podnikoch. Príklad motivácie v Matsushite. Sedem princípov filozofie podnikania v Matsushita Group. Riešenie problému nedostatočnej motivácie. 
610 2 0 |a motivácia 
610 2 0 |a motivácia pracovná 
610 2 0 |a psychológia práce 
610 2 0 |a Česko 
610 2 0 |a Japonsko 
610 2 0 |a Matsushita Group 
100 1 |a Kazdová, Alena